000 00530nam a2200181Ia 4500
003 GCL
008 140319s9999 xx 000 0 ara d
040 _aGCL /
_cGCL
082 0 4 _a301.1934
_bل ت
100 1 _aلطفى بركات
245 1 0 _aالتربية والتقدم فى الوطن العربى /
_cلطفى بركات
260 _a[S.N] :
_bدار المريخ للنشر ،
_c1980
300 _a208 ص
490 _a
650 0 4 _aالتربية
650 0 4 _aعلم النفس التربوى
942 _2ddc
_cBK
999 _c28221
_d28221